000
00290nam a2200109Ia 4500
008
230907s9999||||xx |||||||||||||| ||und||
082
_a
610.28
_b
BIO
245
0
_a
Biomedical engineering and design handbook :
260
_a
McGraw-Hill,
_b
New York :
_c
2009
300
_a
vol. 2 :
942
_c
BK
999
_c
598182
_d
598182